Crime and deviance: an introduction to criminology

Salvato in:
Dettagli Bibliografici
Autore principale: Mushanga, Tibamanya Mwene
Natura: Libro
Pubblicazione: Nairobi: Kenya Literature Bureau, 1976.
Soggetti:
Tags: Aggiungi Tag
Nessun Tag, puoi essere il primo ad aggiungerne!!

MARC

LEADER 00000nam a22000007a 4500
005 20260608061821.0
020 |a NA  |c TZS 3778/= 
040 |a MCCL  |b eng.  |e AACR 2nd rev. ed. 
082 |a 364 MUS 
100 |a Mushanga, Tibamanya Mwene 
245 |a Crime and deviance:  |b an introduction to criminology  |c / Tibamanya Mwene Mushanga 
260 |a Nairobi:  |b Kenya Literature Bureau,  |c 1976. 
300 |a 247p. ;  |c 23 cm 
500 |a Includes names and subject index  
650 |a Prevention of crime 
650 |a Offences against property 
650 |a Crimes of violence 
650 |a Offences against property 
942 |c BK 
999 |c 12746  |d 12746